High and Low Movies Quiz Stats

 Plays Quiz not verified by Sporcle

Score 0/20 Timer 03:00
0 Plays Today
Hint Name % Correct
... 'Em HighHang 'Em High
91.3%
... or High WaterHell or High Water
87%
High Plains ...High Plains Drifter
78.3%
High ...High Noon
73.9%
... HighnessYour Highness
69.6%
A Low Down Dirty ...A Low Down Dirty Shame
56.5%
Crank: High ...Crank: High Voltage
47.8%
... and LowdownSweet and Lowdown
47.8%
High Road to ...High Road to China
43.5%
...'s High School ReunionRomy & Michele's High School Reunion
30.4%
Hint Name % Correct
Higher ...Higher Learning
21.7%
High ...High Fidelity
21.7%
... HighHow High
21.7%
... HighSky High
17.4%
... LowGet Low
17.4%
High...High Anxiety
17.4%
High ...High Crimes
13%
High ...High Life
4.3%
High ...High Spirits
4.3%
Lower ... *Lower Learning
0%

You're not logged in!

Compare scores with friends on all Sporcle quizzes.
OR
Log In

Show Comments

Extras

Top Quizzes Today


Score Distribution

Your Account Isn't Verified!

In order to create a playlist on Sporcle, you need to verify the email address you used during registration. Go to your Sporcle Settings to finish the process.

Report this User

Report this user for behavior that violates our Community Guidelines.

Details: